Catalysis in the refining of Fischer-Tropsch syncrude / (Record no. 355397)

000 -LEADER
fixed length control field 01279cam a2200373 a 4500
001 - CONTROL NUMBER
control field 17173591
003 - CONTROL NUMBER IDENTIFIER
control field Nust- CAS-E
005 - DATE AND TIME OF LATEST TRANSACTION
control field 20241205102811.0
008 - FIXED-LENGTH DATA ELEMENTS--GENERAL INFORMATION
fixed length control field 120218s2010 enka b 001 0 eng
010 ## - LIBRARY OF CONGRESS CONTROL NUMBER
LC control number 2011534445
015 ## - NATIONAL BIBLIOGRAPHY NUMBER
National bibliography number GBB061215
Source bnb
016 7# - NATIONAL BIBLIOGRAPHIC AGENCY CONTROL NUMBER
Record control number 015551608
Source Uk
020 ## - INTERNATIONAL STANDARD BOOK NUMBER
International Standard Book Number 9781849730808
020 ## - INTERNATIONAL STANDARD BOOK NUMBER
International Standard Book Number 1849730806
040 ## - CATALOGING SOURCE
Original cataloging agency DLC
Language of cataloging eng
Transcribing agency DLC
Modifying agency DLC
042 ## - AUTHENTICATION CODE
Authentication code pcc
050 00 - LIBRARY OF CONGRESS CALL NUMBER
Classification number TP355
Item number .K54 2010
082 04 - DEWEY DECIMAL CLASSIFICATION NUMBER
Classification number 662.6623
Edition number 22
Author Mark KLE 2010
100 1# - MAIN ENTRY--PERSONAL NAME
Personal name Arno de Klerk and Edward Furimsky
9 (RLIN) 127011
245 10 - TITLE STATEMENT
Title Catalysis in the refining of Fischer-Tropsch syncrude /
Statement of responsibility, etc. Arno de Klerk, Edward Furimsky.
260 ## - PUBLICATION, DISTRIBUTION, ETC.
Place of publication, distribution, etc. Cambridge :
Name of publisher, distributor, etc. RSC Publishing,
Date of publication, distribution, etc. c2010.
300 ## - PHYSICAL DESCRIPTION
Extent xiv, 279 p. :
Other physical details ill. ;
Dimensions 24 cm.
490 0# - SERIES STATEMENT
Series statement RSC catalysis series,
International Standard Serial Number 1757-6725 ;
Volume/sequential designation no. 4
504 ## - BIBLIOGRAPHY, ETC. NOTE
Bibliography, etc. note Includes bibliographical references and index.
650 #0 - SUBJECT ADDED ENTRY--TOPICAL TERM
Topical term or geographic name entry element Fischer-Tropsch process.
9 (RLIN) 127012
650 #0 - SUBJECT ADDED ENTRY--TOPICAL TERM
Topical term or geographic name entry element Catalysis.
9 (RLIN) 746
650 #0 - SUBJECT ADDED ENTRY--TOPICAL TERM
Topical term or geographic name entry element Synthetic fuels
General subdivision Refining.
9 (RLIN) 127013
650 #0 - SUBJECT ADDED ENTRY--TOPICAL TERM
Topical term or geographic name entry element Petroleum, Synthetic.
9 (RLIN) 127014
700 1# - ADDED ENTRY--PERSONAL NAME
Personal name Furimsky, Edward.
9 (RLIN) 127015
710 2# - ADDED ENTRY--CORPORATE NAME
Corporate name or jurisdiction name as entry element Royal Society of Chemistry (Great Britain)
9 (RLIN) 443
906 ## - LOCAL DATA ELEMENT F, LDF (RLIN)
a 7
b cbc
c origres
d 2
e ncip
f 20
g y-gencatlg
942 ## - ADDED ENTRY ELEMENTS (KOHA)
Source of classification or shelving scheme
Koha item type Book
Holdings
Withdrawn status Lost status Source of classification or shelving scheme Damaged status Not for loan Collection code Permanent Location Current Location Shelving location Date acquired Source of acquisition Total Checkouts Full call number Barcode Date last seen Cost, replacement price Price effective from Koha item type Cost, normal purchase price Copy number
            US-Pakistan Center for Advanced Studies in Energy (USPCAS-E) US-Pakistan Center for Advanced Studies in Energy (USPCAS-E) General Stacks 04/23/2013 Victoria co   662.6623 KLE 2010 CAS-E0000290 07/16/2014 22526.00 07/16/2014 Book    
            US-Pakistan Center for Advanced Studies in Energy (USPCAS-E) US-Pakistan Center for Advanced Studies in Energy (USPCAS-E)   10/28/2015 Multiline Books   662.6623 KLE-C 2010 CAS-E0000531 10/28/2015   10/28/2015 Book 53835.00 2
            US-Pakistan Center for Advanced Studies in Energy (USPCAS-E) US-Pakistan Center for Advanced Studies in Energy (USPCAS-E)   10/28/2015 Multiline Books   662.6623 KLE-C 2010 CAS-E0000532 10/28/2015   10/28/2015 Book 53835.00 3
            US-Pakistan Center for Advanced Studies in Energy (USPCAS-E) US-Pakistan Center for Advanced Studies in Energy (USPCAS-E)   10/28/2015 Multiline Books   662.6623 KLE-C 2010 CAS-E0000533 10/28/2015   10/28/2015 Book 53835.00 4
© 2023 Central Library, National University of Sciences and Technology. All Rights Reserved.